000 00307nam a22001337a 4500
008 170504b xxu||||| |||| 00| 0 eng d
020 _a9781419581083
041 _aeng
080 _21 ED
_a34
100 _a13
101 _aSHJ
245 _aPROPERTY AND CASUALTY INSURANCE
_cGEORGE.A
942 _2udc
_cBK
999 _c12640
_d12640